Vocabulaire panlatin des compétitions de trampoline (Registre núm. 69028)
[ vista simple ]
| 000 -LEADER | |
|---|---|
| campo de control de longitud fija | 01459amm a2200373 4500 |
| 005 - FECHA Y HORA DE LA ÚLTIMA TRANSACCIÓN | |
| campo de control | 20250411104745.0 |
| 007 - CAMPO FIJO DE DESCRIPCIÓN FÍSICA--INFORMACIÓN GENERAL | |
| campo de control de longitud fija | cr |||||||| |
| 008 - DATOS DE LONGITUD FIJA--INFORMACIÓN GENERAL | |
| campo de control de longitud fija | 240722t2024 o d fre d |
| 020 ## - NÚMERO INTERNACIONAL ESTÁNDAR DEL LIBRO | |
| Número Internacional Estándar del Libro | 9782111559462 |
| 041 ## - CÓDIGO DE IDIOMA | |
| Código de lengua del texto/banda sonora o título independiente | fre |
| 041 ## - CÓDIGO DE IDIOMA | |
| Llengües tractades | cat |
| 041 ## - CÓDIGO DE IDIOMA | |
| Llengües tractades | eng |
| 041 ## - CÓDIGO DE IDIOMA | |
| Llengües tractades | glg |
| 041 ## - CÓDIGO DE IDIOMA | |
| Llengües tractades | ita |
| 041 ## - CÓDIGO DE IDIOMA | |
| Llengües tractades | por |
| 041 ## - CÓDIGO DE IDIOMA | |
| Llengües tractades | rum |
| 041 ## - CÓDIGO DE IDIOMA | |
| Llengües tractades | spa |
| 110 ## - ENTRADA PRINCIPAL--NOMBRE DE ENTIDAD CORPORATIVA | |
| Nombre de entidad corporativa o nombre de jurisdicción como elemento de entrada | França. Ministère de la Culture. Délégation générale à la langue française et aux langues de France |
| 9 (RLIN) | 67764 |
| 245 ## - MENCIÓN DEL TÍTULO | |
| Título | Vocabulaire panlatin des compétitions de trampoline |
| Medio | [en línia] |
| Mención de responsabilidad, etc. | République française. Délégation générale à la langue française et aux langues de France; Réseau panlatin de terminologie REALITER |
| 260 ## - PUBLICACIÓN, DISTRIBUCIÓN, ETC. | |
| Lugar de publicación, distribución, etc. | Paris |
| Nombre del editor, distribuidor, etc. | République française. Délégation générale à la langue française et aux langues de France |
| Fecha de publicación, distribución, etc. | 2024 |
| 300 ## - DESCRIPCIÓN FÍSICA | |
| Extensión | 30 p. |
| Otras características físicas | 1 document PDF |
| 500 ## - NOTA GENERAL | |
| Nota general | Categoria gramatical, remissions, àmbit d'ús |
| 500 ## - NOTA GENERAL | |
| Nota general | Índexs |
| 500 ## - NOTA GENERAL | |
| Publicació TERMCAT | termcat |
| 520 ## - RESUMEN, ETC. | |
| Nombre de termes | 70 |
| 546 ## - NOTA DE IDIOMA | |
| Llengua de les definicions | francès |
| 592 ## - Tipus obra | |
| Tipus d'obra | Obra terminològica |
| 593 ## - Codi CGAT | |
| Codi de la CGAT | VCB |
| 650 #0 - PUNTO DE ACCESO ADICIONAL DE MATERIA--TÉRMINO DE MATERIA | |
| Término de materia o nombre geográfico como elemento de entrada | gimnàstica |
| 9 (RLIN) | 63697 |
| 710 ## - ENTRADA AGREGADA--NOMBRE DE ENTIDAD CORPORATIVA | |
| Nombre de entidad corporativa o nombre de jurisdicción como elemento de entrada | REALITER |
| 9 (RLIN) | 62515 |
| 856 ## - LOCALIZACIÓN Y ACCESO ELECTRÓNICOS | |
| Identificador Uniforme de Recursos | <a href="https://www.culture.gouv.fr/content/download/357691/pdf_file/DGLFLF-Vocabulaire_panlatin_du_trampoline_2024.pdf?inLanguage=fre-FR&version=40">https://www.culture.gouv.fr/content/download/357691/pdf_file/DGLFLF-Vocabulaire_panlatin_du_trampoline_2024.pdf?inLanguage=fre-FR&version=40</a> |
| 856 ## - LOCALIZACIÓN Y ACCESO ELECTRÓNICOS | |
| Identificador Uniforme de Recursos | <a href="https://biblioteca.termcat.cat/cgi-bin/koha/opac-retrieve-file.pl?id=79f48752591abf6bde6ac8dc25566eab">https://biblioteca.termcat.cat/cgi-bin/koha/opac-retrieve-file.pl?id=79f48752591abf6bde6ac8dc25566eab</a> |
| Texto de enlace | Consulta |
| 942 ## - ELEMENTOS DE ENTRADA SECUNDARIOS (KOHA) | |
| Tipo de ítem Koha | Monografia |
| Suprimir en OPAC | No |
| Fuente del sistema de clasificación o colocación | Clasificación Decimal Dewey |
| Estatus retirado | Estado de pérdida | Estado de daño | No para préstamo | Biblioteca de origen | Biblioteca actual | Fecha de adquisición | Total de préstamos | Signatura topográfica completa | Visto por última vez | Identificador Uniforme de Recursos | Precio de reemplazo | Tipo de ítem Koha |
|---|---|---|---|---|---|---|---|---|---|---|---|---|
| Termcat | Termcat | 22/07/2024 | Biblioteca electrònica | 22/07/2024 | https://www.culture.gouv.fr/content/download/357691/pdf_file/DGLFLF-Vocabulaire_panlatin_du_trampoline_2024.pdf?inLanguage=fre-FR&version=40 | 22/07/2024 | MO |